[Event "1er Grand Prix de l'Essonne C"]
[Site "Orsay"]
[Date "2009.02.15"]
[Round "1"]
[White "Bouville, David"]
[Black "Noe, Jean Jacques"]
[Result "0-1"]
[WhiteElo "1789"]
[BlackElo "1770"]
[PlyCount "72"]
[EventDate "2009.02.15"]
[EventType "tourn"]
[EventRounds "7"]
[EventCountry "FRA"]

1. e4 e6 2. d4 d5 3. exd5 exd5 4. Bd3 Bd6 5. Nf3 Ne7 6. O-O O-O 7. Bxh7+ Kxh7
8. Ng5+ Kg8 9. Qh5 Bf5 10. Re1 f6 11. Ne6 Bxe6 12. Rxe6 Nbc6 13. c3 Qd7 14. Re1
Qf5 15. Qe2 Rfe8 16. Be3 Ng6 17. Qb5 Rab8 18. Nd2 a6 19. Qa4 Nf4 20. Nf1 Qg4
21. Ng3 Nh5 22. Qb3 Ne7 23. h3 Qg6 24. Nf1 Nf4 25. Bxf4 Bxf4 26. c4 dxc4 27.
Qxc4+ Qf7 28. Qd3 c6 29. g3 Bd6 30. Re4 Qg6 31. Qb3+ Nd5 32. Rg4 Qf7 33. a3 f5
34. Rh4 Be7 35. Re1 Bxh4 36. gxh4 Rxe1 0-1

[Event "1er Grand Prix de l'Essonne C"]
[Site "Orsay"]
[Date "2009.02.15"]
[Round "1"]
[White "Simon, Benoit"]
[Black "Jaouen, Alain"]
[Result "1-0"]
[WhiteElo "1876"]
[BlackElo "1780"]
[PlyCount "105"]
[EventDate "2009.02.15"]
[EventType "tourn"]
[EventRounds "7"]
[EventCountry "FRA"]

1. c4 Nf6 2. Nc3 d6 3. g3 g6 4. Bg2 Bg7 5. Nf3 Nbd7 6. d3 O-O 7. O-O c6 8. Qc2
d5 9. Bg5 h6 10. Bd2 Re8 11. e4 dxe4 12. dxe4 e5 13. Rad1 Qc7 14. b4 a5 15. a3
axb4 16. axb4 b6 17. Ra1 Ba6 18. Qb3 Bb7 19. Rfd1 Rxa1 20. Rxa1 Ra8 21. Rxa8+
Bxa8 22. Qa3 Qb8 23. Ne1 Bb7 24. h3 Qa8 25. Qxa8+ Bxa8 26. Be3 Ne8 27. Nd3 Nd6
28. c5 Nc4 29. Bc1 Bf8 30. Na4 b5 31. Nc3 Bb7 32. h4 h5 33. Bh3 Nf6 34. f3 Kh7
35. Bg5 Ng8 36. Kf2 f6 37. Bc1 Bh6 38. Bxh6 Kxh6 39. f4 Ne7 40. Be6 exf4 41.
gxf4 Na3 42. Ne1 Bc8 43. Bb3 Bh3 44. Nf3 Bg4 45. Nd4 g5 46. Kg3 gxh4+ 47. Kxh4
f5 48. Bf7 fxe4 49. Nxe4 Nf5+ 50. Nxf5+ Bxf5 51. Nd6 Bg4 52. Bb3 Be2 53. Nf5+
1-0

[Event "1er Grand Prix de l'Essonne C"]
[Site "Orsay"]
[Date "2009.02.15"]
[Round "1"]
[White "Salasc, Yves"]
[Black "Papa, Kassim"]
[Result "0-1"]
[WhiteElo "1928"]
[BlackElo "1851"]
[PlyCount "124"]
[EventDate "2009.02.15"]
[EventType "tourn"]
[EventRounds "7"]
[EventCountry "FRA"]

1. e4 d5 2. exd5 Nf6 3. d4 Nxd5 4. c4 Nf6 5. Nf3 c6 6. Be2 Bf5 7. O-O e6 8. Nc3
Qc7 9. Ne5 Nbd7 10. f4 Bb4 11. Bd3 Rd8 12. Bxf5 exf5 13. Qb3 Bxc3 14. bxc3 c5
15. Ba3 O-O 16. Rab1 b6 17. Rbd1 Ne4 18. Rd3 f6 19. Nxd7 Rxd7 20. g3 Rfd8 21.
Rfd1 Rd6 22. Qb5 Qf7 23. Bb2 Qh5 24. Re1 Qg6 25. a4 h5 26. a5 h4 27. Kg2 hxg3
28. hxg3 cxd4 29. cxd4 Qg4 30. Rde3 g5 31. fxg5 fxg5 32. Qe5 Rh6 33. Rxe4 fxe4
34. Rxe4 Qh3+ 35. Kf3 Rf8+ 36. Ke3 Qh5 37. d5 Qf3+ 38. Kd4 Qf6 39. Qxf6 Rhxf6
40. Rg4 Rf5 41. axb6 axb6 42. Bc1 Kf7 43. Rxg5 Rf1 44. Bf4 Rd1+ 45. Kc3 Ra8 46.
Bc7 Ra4 47. Kb3 Ra6 48. Kc2 Raa1 49. d6 Rac1+ 50. Kb3 Rd3+ 51. Kb4 Rb1+ 52. Ka4
Ra1+ 53. Kb5 Ra5+ 54. Kc6 Rxg5 55. Bxb6 Ke8 56. c5 Rgxg3 57. Kb7 Kd7 58. Bc7
Rb3+ 59. Bb6 Rgc3 60. Ka7 Kc6 61. Ka8 Rxb6 62. cxb6 Kxb6 0-1

[Event "1er Grand Prix de l'Essonne C"]
[Site "Orsay"]
[Date "2009.02.16"]
[Round "2"]
[White "Noe, Jean Jacques"]
[Black "Papa, Kassim"]
[Result "1/2-1/2"]
[WhiteElo "1770"]
[BlackElo "1851"]
[PlyCount "27"]
[EventDate "2009.02.15"]
[EventType "tourn"]
[EventRounds "7"]
[EventCountry "FRA"]

1. c4 Nc6 2. Nc3 e5 3. Nf3 f5 4. d3 Nf6 5. g3 Be7 6. Bg2 O-O 7. O-O Qe8 8. a3
a5 9. Nb5 Bd8 10. Bd2 d6 11. b4 axb4 12. axb4 Rxa1 13. Qxa1 Qh5 14. Qa8 1/2-1/2

[Event "1er Grand Prix de l'Essonne C"]
[Site "Orsay"]
[Date "2009.02.16"]
[Round "2"]
[White "Kieffer, Jean Claude"]
[Black "Salasc, Yves"]
[Result "1-0"]
[WhiteElo "1941"]
[BlackElo "1928"]
[PlyCount "77"]
[EventDate "2009.02.15"]
[EventType "tourn"]
[EventRounds "7"]
[EventCountry "FRA"]

1. d4 d5 2. c4 e6 3. Nc3 Nf6 4. Bg5 Be7 5. e3 c6 6. Nf3 Nbd7 7. Bd3 dxc4 8.
Bxc4 b5 9. Bd3 a6 10. e4 Bb7 11. e5 Nd5 12. Nxd5 exd5 13. Bxe7 Qxe7 14. O-O c5
15. Re1 O-O 16. Rc1 Rac8 17. Bf5 cxd4 18. Rxc8 Bxc8 19. Bxd7 Bxd7 20. Qxd4 Be6
21. Rc1 Qd7 22. a3 Rc8 23. Rxc8+ Qxc8 24. Qc3 Qc4 25. Nd4 Kf8 26. f4 g6 27. Kf2
a5 28. Qxc4 bxc4 29. Ke3 Ke8 30. Nc6 a4 31. Kd4 Kd7 32. Nb4 Kc7 33. Nxd5+ Kc6
34. Nc3 Kb6 35. Nxa4+ Kc6 36. Nc3 Kb6 37. g3 Kc6 38. Ne4 h6 39. Nd6 1-0

[Event "1er Grand Prix de l'Essonne C"]
[Site "Orsay"]
[Date "2009.02.16"]
[Round "2"]
[White "Jaouen, Alain"]
[Black "Msellek, Ilyass"]
[Result "0-1"]
[WhiteElo "1780"]
[BlackElo "1846"]
[PlyCount "90"]
[EventDate "2009.02.15"]
[EventType "tourn"]
[EventRounds "7"]
[EventCountry "FRA"]

1. c4 Nf6 2. Nc3 g6 3. d4 Bg7 4. e4 d6 5. f4 O-O 6. Nf3 c5 7. e5 Ng4 8. h3 Nh6
9. d5 Nf5 10. Ne2 a6 11. g4 Nh6 12. a4 e6 13. Be3 b6 14. Qd2 f5 15. exf6 Qxf6
16. g5 Qxb2 17. Qxb2 Bxb2 18. Rb1 Nf5 19. Bd2 Bg7 20. Rxb6 Nd7 21. Rb1 exd5 22.
Bg2 Rb8 23. Rxb8 Nxb8 24. Nh2 d4 25. Bd5+ Kh8 26. Ng4 Re8 27. Kd1 Be6 28. Bxe6
Rxe6 29. h4 Nd7 30. a5 Kg8 31. h5 gxh5 32. Rxh5 Rxe2 33. Nh6+ Nxh6 34. gxh6 Nf6
35. Rg5 Rxd2+ 36. Ke1 Rh2 37. Rxg7+ Kf8 38. Ra7 Rxh6 39. Rxa6 Ke7 40. Ra7+ Ke6
41. f5+ Kxf5 42. a6 Rh2 43. Ra8 Ra2 44. a7 d3 45. Kd1 Ke4 0-1

[Event "1er Grand Prix de l'Essonne C"]
[Site "Orsay"]
[Date "2009.02.16"]
[Round "2"]
[White "Bouville, David"]
[Black "Simon, Benoit"]
[Result "1-0"]
[WhiteElo "1789"]
[BlackElo "1876"]
[PlyCount "47"]
[EventDate "2009.02.15"]
[EventType "tourn"]
[EventRounds "7"]
[EventCountry "FRA"]

1. e4 c5 2. b3 Nc6 3. Bb2 e6 4. Bb5 Nge7 5. Ne2 e5 6. O-O d6 7. f4 Bd7 8. d3 a6
9. Bxc6 Nxc6 10. Nd2 Be7 11. Nc4 b5 12. Ne3 Bf6 13. Nd5 Ne7 14. Nxf6+ gxf6 15.
Ng3 Ng8 16. Qh5 Qe7 17. fxe5 fxe5 18. Nf5 Bxf5 19. Rxf5 Ra7 20. Raf1 Qf8 21. b4
Qg7 22. bxc5 Rc7 23. cxd6 Rxc2 24. Rxe5+ 1-0

[Event "1er Grand Prix de l'Essonne C"]
[Site "Orsay"]
[Date "2009.02.17"]
[Round "3"]
[White "Simon, Benoit"]
[Black "Noe, Jean Jacques"]
[Result "1/2-1/2"]
[WhiteElo "1876"]
[BlackElo "1770"]
[PlyCount "40"]
[EventDate "2009.02.15"]
[EventType "tourn"]
[EventRounds "7"]
[EventCountry "FRA"]

1. c4 e6 2. d4 Nf6 3. Nc3 Bb4 4. Bd2 O-O 5. Qc2 b6 6. e4 Bxc3 7. Bxc3 Bb7 8.
Bd3 d5 9. cxd5 exd5 10. e5 Ne4 11. f3 Nxc3 12. bxc3 h6 13. f4 c5 14. Nf3 Ba6
15. O-O Bxd3 16. Qxd3 cxd4 17. cxd4 Nc6 18. Rfc1 Rc8 19. Qb3 Qd7 20. Nd2 Nxd4
1/2-1/2

[Event "1er Grand Prix de l'Essonne C"]
[Site "Orsay"]
[Date "2009.02.17"]
[Round "3"]
[White "Msellek, Ilyass"]
[Black "Bouville, David"]
[Result "1-0"]
[WhiteElo "1846"]
[BlackElo "1789"]
[PlyCount "83"]
[EventDate "2009.02.15"]
[EventType "tourn"]
[EventRounds "7"]
[EventCountry "FRA"]

1. d4 Nf6 2. Nf3 c5 3. d5 d6 4. Nc3 g6 5. e4 Bg7 6. Bb5+ Nbd7 7. a4 a6 8. Bd3
b6 9. O-O O-O 10. Bf4 Nh5 11. Be3 e5 12. dxe6 fxe6 13. Bc4 Ne5 14. Be2 Nf4 15.
Bxf4 Rxf4 16. Qd2 Nxf3+ 17. Bxf3 Be5 18. Ne2 Rf7 19. Bg4 Qh4 20. f4 Bxb2 21.
Rab1 Bd4+ 22. Nxd4 cxd4 23. Be2 b5 24. Qxd4 Bb7 25. g3 Qf6 26. Qxf6 Rxf6 27.
Bd3 Bc6 28. axb5 axb5 29. e5 dxe5 30. fxe5 Rxf1+ 31. Kxf1 Kg7 32. Ke2 h5 33.
Bxb5 Bxb5+ 34. Rxb5 h4 35. Kd3 g5 36. g4 Ra1 37. Rb7+ Kf8 38. c4 Ra2 39. c5
Rxh2 40. c6 Ke8 41. Rb8+ Ke7 42. c7 1-0

[Event "1er Grand Prix de l'Essonne C"]
[Site "Orsay"]
[Date "2009.02.17"]
[Round "3"]
[White "Salasc, Yves"]
[Black "Jaouen, Alain"]
[Result "1-0"]
[WhiteElo "1928"]
[BlackElo "1780"]
[PlyCount "75"]
[EventDate "2009.02.15"]
[EventType "tourn"]
[EventRounds "7"]
[EventCountry "FRA"]

1. e4 d6 2. d4 Nf6 3. Nc3 g6 4. f3 Nbd7 5. Be3 Bg7 6. Qd2 O-O 7. g4 c6 8. h4 h5
9. O-O-O b5 10. e5 b4 11. Ne4 Nxe4 12. fxe4 Qa5 13. Bc4 dxe5 14. gxh5 gxh5 15.
Bh6 exd4 16. Nf3 Nf6 17. e5 Ne8 18. Qg5 Bg4 19. Nxd4 Qxe5 20. Qxe5 Bxe5 21.
Nxc6 Bg7 22. Nxe7+ Kh7 23. Bxg7 Kxg7 24. Rhg1 f5 25. Rd7 Kh6 26. b3 Nf6 27. Rd6
Rad8 28. Ra6 Rd7 29. Nd5 Kg7 30. Nxb4 Ne4 31. Nd3 Re7 32. Nf4 Rff7 33. Nxh5+
Kh7 34. Bxf7 Rxf7 35. Nf4 Nc3 36. Kb2 Ne4 37. Ne6 Rd7 38. Nf8+ 1-0

[Event "1er Grand Prix de l'Essonne C"]
[Site "Orsay"]
[Date "2009.02.17"]
[Round "3"]
[White "Papa, Kassim"]
[Black "Kieffer, Jean Claude"]
[Result "1-0"]
[WhiteElo "1851"]
[BlackElo "1941"]
[PlyCount "117"]
[EventDate "2009.02.15"]
[EventType "tourn"]
[EventRounds "7"]
[EventCountry "FRA"]

1. e4 c5 2. Nf3 Nc6 3. d4 cxd4 4. Nxd4 g6 5. Be3 Bg7 6. Nc3 Nf6 7. f3 O-O 8.
Qd2 d5 9. Bb5 Qd6 10. Nb3 Rd8 11. O-O-O a6 12. Bxc6 bxc6 13. Bb6 Re8 14. exd5
cxd5 15. Nxd5 Nxd5 16. Qxd5 Qf4+ 17. Kb1 Bf5 18. g4 Be6 19. Qd3 Qa4 20. Qe3
Rac8 21. Bd4 Qc4 22. Qd3 Qxd3 23. Rxd3 Bc4 24. Rd2 e5 25. Be3 e4 26. f4 Bxb3
27. axb3 Rc6 28. c4 Kf8 29. Rd7 Re7 30. Rd8+ Re8 31. Rhd1 Rxd8 32. Rxd8+ Ke7
33. Rg8 Bf8 34. b4 Bh6 35. g5 Bxg5 36. fxg5 Rxc4 37. Rd8 Rc6 38. h4 Ke6 39. Rh8
f6 40. Rxh7 fxg5 41. hxg5 Kd5 42. Rd7+ Ke6 43. Rd4 Kf5 44. b5 axb5 45. Rd5+ Kg4
46. Rxb5 Kf3 47. Rb3 Ke2 48. Ra3 Rc4 49. Bc1 Kf2 50. Ra6 Ke2 51. Rxg6 Rd4 52.
Re6 Kd3 53. g6 Rd7 54. Bh6 Kc4 55. g7 Rd8 56. Rxe4+ Kb3 57. Rd4 Re8 58. Rd3+
Kc4 59. Rf3 1-0

[Event "1er Grand Prix de l'Essonne C"]
[Site "Orsay"]
[Date "2009.02.18"]
[Round "4"]
[White "Noe, Jean Jacques"]
[Black "Kieffer, Jean Claude"]
[Result "1/2-1/2"]
[WhiteElo "1770"]
[BlackElo "1941"]
[PlyCount "156"]
[EventDate "2009.02.15"]
[EventType "tourn"]
[EventRounds "7"]
[EventCountry "FRA"]

1. c4 c5 2. Nf3 Nf6 3. Nc3 d5 4. cxd5 Nxd5 5. g3 Nc6 6. Bg2 Nc7 7. O-O e5 8. d3
Be7 9. a3 a5 10. b3 Rb8 11. Rb1 f6 12. Bd2 O-O 13. Na2 Be6 14. Be3 Nd5 15. Qc1
Nxe3 16. fxe3 Kh8 17. Nd2 Rc8 18. Nc3 h5 19. Nb5 h4 20. gxh4 Qe8 21. Qe1 f5 22.
Qg3 Rf6 23. Nc4 Rg6 24. Nbd6 Bxd6 25. Nxd6 Rxg3 26. Nxe8 Rxg2+ 27. Kxg2 Rxe8
28. Rfc1 b6 29. Kf2 Rf8 30. Rg1 Rf6 31. Rg5 g6 32. Rbg1 Kh7 33. h5 Ne7 34. h4
Bxb3 35. hxg6+ Rxg6 36. Rh5+ Rh6 37. Rhg5 Rg6 38. Rh5+ Kg7 39. Rxg6+ Kxg6 40.
Rg5+ Kh6 41. e4 Be6 42. exf5 Nxf5 43. e4 Nxh4 44. Rxe5 Bb3 45. Re8 b5 46. Rc8
b4 47. Rxc5 bxa3 48. Rxa5 a2 49. d4 Ng6 50. Ke3 Kg7 51. Kd2 Kf7 52. Kc3 Be6 53.
d5 Bd7 54. Rxa2 Ne5 55. Rf2+ Ke7 56. Kd4 Ng4 57. Ra2 Nh6 58. Ra6 Nf7 59. e5 Nd8
60. Ra7 Ke8 61. Kc4 Bg4 62. Kc5 Bh3 63. Kd4 Bf5 64. Kc5 Bh3 65. Kd6 Nf7+ 66.
Rxf7 Kxf7 67. e6+ Ke8 68. Ke5 Bf1 69. Kf6 Bb5 70. d6 Ba4 71. Ke5 Bc6 72. Kd4
Ba4 73. Kc5 Bd7 74. Kd5 Ba4 75. Ke5 Bc6 76. Kf6 Ba4 77. e7 Bd7 78. Ke5 Ba4
1/2-1/2

[Event "1er Grand Prix de l'Essonne C"]
[Site "Orsay"]
[Date "2009.02.18"]
[Round "4"]
[White "Jaouen, Alain"]
[Black "Papa, Kassim"]
[Result "0-1"]
[WhiteElo "1780"]
[BlackElo "1851"]
[PlyCount "74"]
[EventDate "2009.02.15"]
[EventType "tourn"]
[EventRounds "7"]
[EventCountry "FRA"]

1. c4 e5 2. Nc3 Bc5 3. Nf3 d6 4. g3 Nc6 5. Bg2 f5 6. d3 Nf6 7. e3 O-O 8. a3 a5
9. O-O Qe8 10. Qc2 Qh5 11. Nb5 e4 12. Nfd4 Ne5 13. f4 Nxd3 14. Nxc7 Rb8 15. Qb3
Bd7 16. Ncb5 Qf7 17. Bd2 b6 18. Nc3 a4 19. Qc2 Bxd4 20. exd4 Qxc4 21. Be3 Nd5
22. Qd2 Nxe3 23. Qxe3 d5 24. Nxd5 Be6 25. Nc3 Rfd8 26. Rfd1 Qxd4 27. Qxd4 Rxd4
28. Nb5 Rdd8 29. Bf1 Bc4 30. Bxd3 Bxd3 31. Nc3 b5 32. Na2 Rd6 33. Nb4 Rbd8 34.
Rd2 Bc4 35. Rf2 e3 36. Rc2 Rd1+ 37. Rxd1 Rxd1+ 0-1

[Event "1er Grand Prix de l'Essonne C"]
[Site "Orsay"]
[Date "2009.02.18"]
[Round "4"]
[White "Bouville, David"]
[Black "Salasc, Yves"]
[Result "1-0"]
[WhiteElo "1789"]
[BlackElo "1928"]
[PlyCount "79"]
[EventDate "2009.02.15"]
[EventType "tourn"]
[EventRounds "7"]
[EventCountry "FRA"]

1. e4 c5 2. b3 d6 3. Bb2 Nf6 4. Bb5+ Bd7 5. Bxd7+ Qxd7 6. d3 Nc6 7. Ne2 g6 8.
O-O Bg7 9. Nd2 O-O 10. h3 b5 11. f4 Nxe4 12. Bxg7 Nxd2 13. Qxd2 Kxg7 14. f5 b4
15. Rae1 a5 16. Qg5 f6 17. Qg4 Kh8 18. Ng3 Rg8 19. Qh4 Nd4 20. fxg6 Rxg6 21.
Rf2 Rag8 22. Ne4 f5 23. Nxc5 dxc5 24. Rxe7 Rxg2+ 25. Rxg2 Rxg2+ 26. Kf1 Rg7 27.
Rxd7 Rxd7 28. Qf4 Kg8 29. Qe5 Kf7 30. Qxc5 Ke6 31. c3 bxc3 32. Qxc3 Rd5 33.
Qc8+ Ke5 34. Qc7+ Ke6 35. Qxh7 Nc6 36. Qg8+ Kd6 37. Ke2 Nb4 38. a3 Nxd3 39.
Qd8+ Ke5 40. Qxd5+ 1-0

[Event "1er Grand Prix de l'Essonne C"]
[Site "Orsay"]
[Date "2009.02.18"]
[Round "4"]
[White "Simon, Benoit"]
[Black "Msellek, Ilyass"]
[Result "1-0"]
[WhiteElo "1876"]
[BlackElo "1846"]
[PlyCount "110"]
[EventDate "2009.02.15"]
[EventType "tourn"]
[EventRounds "7"]
[EventCountry "FRA"]

1. c4 Nf6 2. Nc3 g6 3. d4 Bg7 4. e4 d6 5. Nf3 O-O 6. Be2 e5 7. O-O Nc6 8. d5
Ne7 9. Nd2 Nd7 10. a4 a5 11. Rb1 f5 12. f3 f4 13. b4 axb4 14. Rxb4 g5 15. Ba3
b6 16. Nb5 h5 17. Qc2 Nf6 18. Rfb1 Rb8 19. a5 bxa5 20. R4b3 Ba6 21. c5 Bxb5 22.
Bxb5 g4 23. Nc4 Nc8 24. Nxa5 Na7 25. Ba4 Rxb3 26. Rxb3 gxf3 27. gxf3 Ne8 28.
Rb7 Nc8 29. Rb8 dxc5 30. Nc6 Qg5+ 31. Qg2 Qh4 32. Rxc8 Qe1+ 33. Qf1 Qe3+ 34.
Qf2 Qxa3 35. Bc2 Rf6 36. Rxe8+ Kf7 37. Re7+ Kf8 38. Re6 c4 39. Nd8 Kg8 40. Rxf6
Bxf6 41. Ne6 h4 42. h3 Qa5 43. Kf1 Qa1+ 44. Kg2 Qa5 45. Kh1 Kf7 46. Qe2 Be7 47.
Qf2 Bf6 48. Qe2 Be7 49. Kg2 Bd6 50. Nd8+ Ke8 51. Nc6 Qc5 52. Qf2 Qa3 53. Qxh4
Bc5 54. Qh8+ Bf8 55. Qxe5+ Kf7 1-0

[Event "1er Grand Prix de l'Essonne C"]
[Site "Orsay"]
[Date "2009.02.19"]
[Round "5"]
[White "Msellek, Ilyass"]
[Black "Noe, Jean Jacques"]
[Result "1/2-1/2"]
[WhiteElo "1846"]
[BlackElo "1770"]
[PlyCount "74"]
[EventDate "2009.02.15"]
[EventType "tourn"]
[EventRounds "7"]
[EventCountry "FRA"]

1. d4 e6 2. Nf3 Nf6 3. e3 c5 4. Bd3 d5 5. b3 b6 6. Bb2 Bb7 7. O-O Bd6 8. Ne5
cxd4 9. exd4 O-O 10. Nd2 Nc6 11. Re1 Qc7 12. a3 Rfe8 13. Qf3 Ne7 14. h4 Bxe5
15. dxe5 Nd7 16. Bd4 Nc6 17. c3 Rac8 18. Nb1 Ndxe5 19. Bxe5 Nxe5 20. Bxh7+ Kxh7
21. Qh5+ Kg8 22. Rxe5 f6 23. Re1 e5 24. Ra2 Qf7 25. Qf5 Rcd8 26. Nd2 Bc8 27.
Qf3 d4 28. cxd4 Rxd4 29. Rc2 Rxh4 30. Ne4 Bb7 31. Nxf6+ gxf6 32. Qg3+ Qg7 33.
Qxg7+ Kxg7 34. Rc7+ Kg6 35. Rxb7 Reh8 36. f3 R4h7 37. Rxh7 Rxh7 1/2-1/2

[Event "1er Grand Prix de l'Essonne C"]
[Site "Orsay"]
[Date "2009.02.19"]
[Round "5"]
[White "Salasc, Yves"]
[Black "Simon, Benoit"]
[Result "1/2-1/2"]
[WhiteElo "1928"]
[BlackElo "1876"]
[PlyCount "62"]
[EventDate "2009.02.15"]
[EventType "tourn"]
[EventRounds "7"]
[EventCountry "FRA"]

1. e4 c5 2. Nf3 d6 3. d4 cxd4 4. Nxd4 Nf6 5. Nc3 Nc6 6. Bg5 e6 7. f4 Be7 8. Qd2
O-O 9. O-O-O Nxd4 10. Qxd4 Qa5 11. e5 dxe5 12. Qxe5 Qxe5 13. fxe5 Nd5 14. Bxe7
Nxe7 15. Bc4 a6 16. a4 Nc6 17. Rhe1 h6 18. Rd6 Rd8 19. Red1 Re8 20. Re1 Kf8 21.
Bf1 Ke7 22. Rd2 Rd8 23. Rxd8 Kxd8 24. g3 Ke7 25. Bg2 Nd8 26. Ne4 Rb8 27. b3 b6
28. Nd6 Bd7 29. Rf1 f6 30. exf6+ gxf6 31. Rd1 Bc6 1/2-1/2

[Event "1er Grand Prix de l'Essonne C"]
[Site "Orsay"]
[Date "2009.02.19"]
[Round "5"]
[White "Papa, Kassim"]
[Black "Bouville, David"]
[Result "0-1"]
[WhiteElo "1851"]
[BlackElo "1789"]
[PlyCount "63"]
[EventDate "2009.02.15"]
[EventType "tourn"]
[EventRounds "7"]
[EventCountry "FRA"]

1. e4 d5 2. Nc3 d4 3. Nce2 Nc6 4. Ng3 g6 5. Nf3 Bg7 6. Bc4 Nf6 7. d3 Bg4 8. Bf4
O-O 9. Qd2 Bxf3 10. gxf3 Nd7 11. Ke2 Nce5 12. Bb3 c5 13. Bh6 Qb6 14. Bxg7 Kxg7
15. Rag1 Kh8 16. h4 c4 17. f4 cxb3 18. fxe5 bxc2 19. b3 Nxe5 20. h5 Qa6 21.
hxg6 fxg6 22. f4 Qxa2 23. fxe5 c1=N+ 24. Ke1 Qb1 25. Qh6 Nxd3+ 26. Kd2 Rf2+ 27.
Ne2 Qb2+ 28. Kxd3 Qxe2+ 29. Kxd4 Rd8+ 30. Kc3 Qc2+ 31. Kb4 Rd4+ 32. Kb5 0-1

[Event "1er Grand Prix de l'Essonne C"]
[Site "Orsay"]
[Date "2009.02.19"]
[Round "5"]
[White "Kieffer, Jean Claude"]
[Black "Jaouen, Alain"]
[Result "1-0"]
[WhiteElo "1941"]
[BlackElo "1780"]
[PlyCount "77"]
[EventDate "2009.02.15"]
[EventType "tourn"]
[EventRounds "7"]
[EventCountry "FRA"]

1. d4 Nf6 2. c4 d6 3. Nc3 g6 4. e4 Bg7 5. Be2 c5 6. dxc5 Qa5 7. Bd2 Qxc5 8. Be3
Qa5 9. Qd2 Ng4 10. Bg5 Qc5 11. Nh3 h6 12. Bf4 g5 13. Bg3 Ne5 14. b3 Bxh3 15.
gxh3 Nbc6 16. Rc1 Nd4 17. Kf1 Ndf3 18. Qd1 Nh4 19. f4 Neg6 20. Bf2 Qc8 21. Bg4
Qd8 22. f5 Nf4 23. Nd5 h5 24. Be2 Nxe2 25. Qxe2 e6 26. Nc3 Qa5 27. Nb5 Ke7 28.
Be3 Bf6 29. Rd1 a6 30. Nxd6 Qb4 31. e5 Bxe5 32. Ne4 Nxf5 33. Bc5+ Qxc5 34. Nxc5
Bxh2 35. Qxh2 Ne3+ 36. Ke2 Nxd1 37. Rxd1 b6 38. Qc7+ Kf6 39. Rf1+ 1-0

[Event "1er Grand Prix de l'Essonne C"]
[Site "Orsay"]
[Date "2009.02.20"]
[Round "6"]
[White "Noe, Jean Jacques"]
[Black "Jaouen, Alain"]
[Result "1/2-1/2"]
[WhiteElo "1770"]
[BlackElo "1780"]
[PlyCount "80"]
[EventDate "2009.02.15"]
[EventType "tourn"]
[EventRounds "7"]
[EventCountry "FRA"]

1. c4 Nf6 2. Nc3 g6 3. g3 Bg7 4. Bg2 d6 5. Nf3 O-O 6. O-O e5 7. Rb1 Nbd7 8. d3
Nb6 9. Bd2 c6 10. b4 Rb8 11. a4 e4 12. Ng5 exd3 13. exd3 Bg4 14. Qb3 Nbd7 15.
Nge4 Nxe4 16. dxe4 Be6 17. Rfe1 Ne5 18. Qc2 Nxc4 19. Be3 Nxe3 20. Rxe3 Re8 21.
Rd1 Qc7 22. Nb5 Qe7 23. Nxd6 Red8 24. Red3 Bf8 25. e5 Bg4 26. Re1 Rd7 27. Rd4
Be6 28. b5 cxb5 29. axb5 Rbd8 30. Qa4 Bb3 31. Qxb3 Rxd6 32. Rxd6 Rxd6 33. Bxb7
Re6 34. Bd5 Rxe5 35. Rxe5 Qxe5 36. Bxf7+ Kg7 37. Qd5 Qc7 38. Be8 Bc5 39. Bc6
Qb6 40. Qd7+ Kh6 1/2-1/2

[Event "1er Grand Prix de l'Essonne C"]
[Site "Orsay"]
[Date "2009.02.20"]
[Round "6"]
[White "Bouville, David"]
[Black "Kieffer, Jean Claude"]
[Result "1-0"]
[WhiteElo "1789"]
[BlackElo "1941"]
[PlyCount "183"]
[EventDate "2009.02.15"]
[EventType "tourn"]
[EventRounds "7"]
[EventCountry "FRA"]

1. e4 c5 2. b4 cxb4 3. a3 e5 4. Nf3 Nc6 5. axb4 Bxb4 6. c3 Be7 7. d4 d5 8. Bb5
Nf6 9. Nxe5 O-O 10. Nxc6 bxc6 11. Bxc6 Bg4 12. f3 Rc8 13. Qa4 Bh5 14. e5 Ne8
15. O-O Bg6 16. Rd1 Bf5 17. Bd2 Bd3 18. Na3 Bxa3 19. Rxa3 Bc4 20. Bb5 Qb6 21.
Bxc4 Rxc4 22. Qxa7 Qg6 23. Qd7 Nc7 24. Ra2 Qd3 25. Rda1 h5 26. f4 g6 27. Rf1
Qf5 28. Qxf5 gxf5 29. Rf3 Ne6 30. Rh3 Ng7 31. Ra5 Rd8 32. Kf2 Rc6 33. Re3 Rb6
34. Bc1 Ne6 35. g3 Rb1 36. Ba3 Rdb8 37. Rxd5 Rh1 38. Kg2 Rbb1 39. Re2 h4 40.
Rf2 hxg3 41. hxg3 Rhg1+ 42. Kf3 Rbd1 43. Bb4 Rd3+ 44. Ke2 Rgxg3 45. Rd7 Rde3+
46. Kd2 Re4 47. d5 Nxf4 48. Rxf4 Rxf4 49. Kc2 Rf2+ 50. Kb3 Rd2 51. d6 f4 52.
Ra7 Rgd3 53. Ra1 f3 54. Bc5 f2 55. Rf1 Rf3 56. Kc4 Kg7 57. Bd4 Kf8 58. Kc5 Ke8
59. Kc6 Rxd4 60. cxd4 Rc3+ 61. Kd5 Rc2 62. Ke4 Rb2 63. Kf3 Ra2 64. Rxf2 Ra1 65.
Ke4 Ra5 66. Kf5 Ra1 67. Rf4 Rd1 68. Kf6 Rd2 69. Kf5 Rd1 70. Rh4 Kd7 71. Ke4 Rf1
72. Rf4 Re1+ 73. Kd5 Ke8 74. Rf3 Ra1 75. Rc3 Kd8 76. Rc7 Rf1 77. Ra7 Rf2 78. d7
Rd2 79. Ke4 Rb2 80. d5 Rb4+ 81. Kd3 Rb5 82. Kc4 Rb6 83. Kc5 Rh6 84. Rb7 Rg6 85.
Rb6 Rxb6 86. Kxb6 Kxd7 87. Kc5 Kd8 88. Kd4 Kd7 89. Ke4 Ke7 90. Kf5 Kd7 91. Kf6
Ke8 92. d6 1-0

[Event "1er Grand Prix de l'Essonne C"]
[Site "Orsay"]
[Date "2009.02.20"]
[Round "6"]
[White "Simon, Benoit"]
[Black "Papa, Kassim"]
[Result "1-0"]
[WhiteElo "1876"]
[BlackElo "1851"]
[PlyCount "50"]
[EventDate "2009.02.15"]
[EventType "tourn"]
[EventRounds "7"]
[EventCountry "FRA"]

1. c4 e5 2. g3 Bc5 3. Bg2 d6 4. Nc3 f5 5. e3 Nc6 6. Nge2 Bd7 7. d4 Bb6 8. Nd5
Nf6 9. Nxb6 axb6 10. O-O O-O 11. b3 Qe8 12. Bb2 Qh5 13. dxe5 dxe5 14. Nc3 Qh6
15. Nd5 Rad8 16. Qe2 g5 17. Nxc7 f4 18. exf4 gxf4 19. Nd5 Ng4 20. h3 f3 21.
Bxf3 Qxh3 22. Bxg4 Bxg4 23. f3 Qxg3+ 24. Qg2 Rxf3 25. Rxf3 Bxf3 1-0

[Event "1er Grand Prix de l'Essonne C"]
[Site "Orsay"]
[Date "2009.02.20"]
[Round "6"]
[White "Msellek, Ilyass"]
[Black "Salasc, Yves"]
[Result "1-0"]
[WhiteElo "1846"]
[BlackElo "1928"]
[PlyCount "79"]
[EventDate "2009.02.15"]
[EventType "tourn"]
[EventRounds "7"]
[EventCountry "FRA"]

1. e4 c5 2. b3 d6 3. Bb2 Nf6 4. Nc3 Nc6 5. f4 Bg4 6. Be2 Qd7 7. h3 Bxe2 8. Qxe2
Nd4 9. Qd3 e6 10. Nf3 Nxf3+ 11. Qxf3 Qc6 12. O-O-O O-O-O 13. Rhe1 Nd7 14. g4
Nb6 15. f5 d5 16. e5 c4 17. Ne2 cxb3 18. axb3 Kb8 19. Nd4 Qd7 20. g5 Bc5 21.
fxe6 fxe6 22. Qg4 Bxd4 23. Qxd4 Qe7 24. h4 Rhf8 25. Bc3 Qa3+ 26. Kb1 Qa6 27.
Kb2 Qb5 28. Qb4 Qxb4 29. Bxb4 Rf4 30. Bd6+ Ka8 31. Rf1 Rf5 32. Rxf5 exf5 33. g6
hxg6 34. Rg1 Nc8 35. Rxg6 Nxd6 36. exd6 Rd7 37. Kc3 b6 38. Kd4 Rf7 39. Re6 Kb8
40. Re8+ 1-0

[Event "1er Grand Prix de l'Essonne C"]
[Site "Orsay"]
[Date "2009.02.21"]
[Round "7"]
[White "Salasc, Yves"]
[Black "Noe, Jean Jacques"]
[Result "1/2-1/2"]
[WhiteElo "1928"]
[BlackElo "1770"]
[PlyCount "56"]
[EventDate "2009.02.15"]
[EventType "tourn"]
[EventRounds "7"]
[EventCountry "FRA"]

1. e4 e6 2. d4 d5 3. Nc3 Nf6 4. Bg5 Bb4 5. e5 h6 6. Bd2 Bxc3 7. bxc3 Ne4 8. Qg4
Kf8 9. h4 c5 10. Bd3 Nxd2 11. Kxd2 Nc6 12. Nf3 Qa5 13. Ke3 Qxc3 14. dxc5 Qxc5+
15. Ke2 Nb4 16. Rhc1 Bd7 17. a3 Nxd3 18. cxd3 Qa5 19. Qb4+ Qxb4 20. axb4 Ke7
21. b5 a6 22. Rc7 axb5 23. Rxa8 Rxa8 24. Rxb7 Kd8 25. Nd4 Kc8 26. Rb6 Kc7 27.
Rd6 Rb8 28. Ra6 Rb6 1/2-1/2